| 000 | 00675nam a2200193 i 4500 | ||
|---|---|---|---|
| 001 | 124462 | ||
| 003 | ES-MaACL | ||
| 007 | t| | ||
| 008 | 070327s1926 sp ||||1| spa d | ||
| 100 | 1 |
_aStegmann, Hans. _9108006 |
|
| 245 | 1 | 3 |
_aLa escultura de Occidente / _cpor Hans Stegmann ; traducido de la reimpresión alemana, y anotado en lo relativo a España por Diego Angulo Iñíguez. |
| 260 |
_aBarcelona : _bLabor, _c1926. |
||
| 300 |
_a315 p., XXIV p. lám. : _bil. ; _c17 cm. |
||
| 490 | 1 |
_aColección Labor ; _v78, 79 |
|
| 700 | 1 |
_aAngulo Iñiguez, Diego. _921788 |
|
| 830 | 0 | 0 |
_aColección Labor _v78, 79 _9184254 |
| 852 |
_aES-MaACL _jE-2618 |
||
| 999 |
_c124462 _d124462 |
||